[Event "Chennai op 5th"]
[Site "Chennai"]
[Date "2013.01.18"]
[Round "5"]
[White "Karthikeyan, Murali"]
[Black "Prasannaa, S."]
[Result "1-0"]
[WhiteElo "2352"]
[BlackElo "2113"]
[PlyCount "103"]
[EventDate "2013.01.16"]
[EventType "swiss"]
[EventRounds "11"]
[EventCountry "IND"]
[SourceTitle "CBM 152 Extra"]
[Source "ChessBase"]
[SourceDate "2013.02.25"]
[SourceVersion "1"]
[SourceVersionDate "2013.02.25"]
[SourceQuality "1"]

1. e4 e5 2. Nf3 Nc6 3. c3 Nf6 4. d4 Nxe4 5. d5 Ne7 6. Nxe5 Ng6 7. Qd4 Nd6 8.
Nf3 Be7 9. Bd3 O-O 10. O-O f5 11. Qa4 a5 12. c4 Ne4 13. Qc2 Nc5 14. Bxf5 d6 15.
Bxg6 hxg6 16. Nd4 Bf6 17. Be3 Bf5 18. Nxf5 gxf5 19. Nd2 Qd7 20. Rae1 Rae8 21.
Bxc5 dxc5 22. b3 g6 23. Nf3 Qd6 24. g3 Kg7 25. a4 b6 26. Qd2 Re4 27. Re2 Rfe8
28. Rfe1 c6 29. Kf1 cxd5 30. Qxd5 Qxd5 31. cxd5 Rxe2 32. Rxe2 Rd8 33. Rd2 g5
34. Rd3 g4 35. Nd2 Bd4 36. Nc4 Rb8 37. Rd2 b5 38. axb5 Rxb5 39. Nd6 Rxb3 40.
Nxf5+ Kf6 41. Nxd4 cxd4 42. Rxd4 Rb4 43. Rd1 Ke7 44. d6+ Kd7 45. Rd5 a4 46. Kg2
Rb2 47. Ra5 Rb4 48. Ra6 Kc8 49. Ra7 Kb8 50. d7 Rd4 51. Rxa4 Rxd7 52. Rxg4 1-0

[Event "Munich-ch MK op"]
[Site "Munich"]
[Date "2013.01.18"]
[Round "3"]
[White "Monninger, Moritz Franz"]
[Black "Basener, Winfried"]
[Result "1-0"]
[WhiteElo "2087"]
[BlackElo "2066"]
[PlyCount "73"]
[EventDate "2013.01.11"]
[EventType "swiss"]
[EventRounds "7"]
[EventCountry "GER"]
[SourceTitle "EXT 2015"]
[Source "ChessBase"]
[SourceDate "2014.11.20"]
[SourceVersion "1"]
[SourceVersionDate "2014.11.20"]
[SourceQuality "1"]

1. e4 e5 2. Nf3 Nc6 3. c3 Be7 4. d4 d6 5. h3 Bf6 6. Be3 Nge7 7. Bb5 O-O 8. O-O
a6 9. Ba4 b5 10. Bc2 Ng6 11. a4 Bd7 12. Na3 Rb8 13. Qe2 Nf4 14. Bxf4 exf4 15.
axb5 axb5 16. Nxb5 Nb4 17. Ba4 Nc6 18. d5 Ne5 19. Nbd4 Bc8 20. Nxe5 Bxe5 21.
Nc6 Qg5 22. Nxb8 Bxh3 23. f3 Rxb8 24. Bc6 Rd8 25. Ra7 h5 26. Rfa1 h4 27. Rxc7
f5 28. Kf1 fxe4 29. gxh3 Qg3 30. Bd7 Rxd7 31. Ra8+ Kh7 32. Qxe4+ Kh6 33. Rh8+
Kg5 34. Rxd7 Qxh3+ 35. Ke1 Qxd7 36. Qh7 Qa4 37. Qh5+ 1-0

[Event "corr freechess"]
[Site "freechess.de"]
[Date "2013.01.18"]
[Round "?"]
[White "Beneke, Stefan"]
[Black "Kuhn, Udo"]
[Result "0-1"]
[WhiteElo "1531"]
[BlackElo "2011"]
[PlyCount "78"]
[EventDate "2013.??.??"]
[EventType "tourn (corr)"]
[SourceTitle "OM Corr 202003"]
[Source "Opening Master"]
[SourceDate "2019.05.30"]
[SourceVersion "2"]
[SourceVersionDate "2019.05.30"]
[SourceQuality "1"]

1. e4 e5 2. Nf3 Nc6 3. c3 d5 4. d3 dxe4 5. dxe4 Qxd1+ 6. Kxd1 Nf6 7. Bd3 Bg4 8.
h3 Bh5 9. Ke2 Bg6 10. Nbd2 Be7 11. Re1 O-O-O 12. Bc2 Ne8 13. Kf1 Nd6 14. b3
Rhe8 15. a4 f6 16. b4 b6 17. Bb3 Bf7 18. Bxf7 Nxf7 19. a5 b5 20. a6 Rd3 21. Re3
Rxe3 22. fxe3 Nb8 23. Nb3 Rd8 24. Bd2 Rd6 25. Nc5 Rc6 26. Nb3 Rxa6 27. Rxa6
Nxa6 28. h4 Nd6 29. Na5 Kd7 30. g4 Nxe4 31. Be1 c5 32. bxc5 Nexc5 33. Ke2 Bd8
34. c4 b4 35. Kd1 Bxa5 36. Kc2 b3+ 37. Kb1 Bxe1 38. Nxe1 Nb4 39. Kb2 a5 0-1

[Event "OP-2013-0-02592"]
[Site "Lechenicher SchachServer"]
[Date "2013.01.17"]
[Round "?"]
[White "Kaczmarek, Piotr"]
[Black "Kaloev, Todor"]
[Result "0-1"]
[WhiteElo "800"]
[BlackElo "1735"]
[PlyCount "46"]
[EventDate "2013.01.13"]

1. e4 e5 2. Nf3 Nc6 3. c3 d5 4. Qa4 Bd7 5. exd5 Nd4 6. Qd1 Nxf3+ 7. Qxf3 Nf6 8.
Bc4 e4 9. Qe2 Bd6 10. d4 h6 11. h3 O-O 12. O-O c6 13. dxc6 Bxc6 14. Be3 Bb8 15.
Nd2 Qc7 16. f4 a6 17. Bb3 b5 18. a4 Ba7 19. axb5 axb5 20. Bf2 Rfe8 21. Bh4 Nd5
22. Bxd5 Bxd5 23. Qxb5 Bc6 0-1

[Event "OP-2013-0-02592"]
[Site "Lechenicher SchachServer"]
[Date "2013.01.16"]
[Round "?"]
[White "Kaczmarek, Piotr"]
[Black "Ochoa, Fernandez"]
[Result "0-1"]
[WhiteElo "800"]
[BlackElo "1159"]
[PlyCount "36"]
[EventDate "2013.01.13"]

1. e4 e5 2. Nf3 Nc6 3. c3 Nge7 4. Bc4 d5 5. exd5 Nxd5 6. Qb3 Na5 7. Qa4+ c6 8.
Bf1 Be7 9. b4 e4 10. Nd4 Nxb4 11. Ba3 b5 12. Nxb5 Nd3+ 13. Bxd3 exd3 14. Nd4
O-O 15. O-O c5 16. Nb3 Nxb3 17. axb3 Bb7 18. Qc4 Bd6 0-1

[Event "RN-2013-0-00590"]
[Site "Lechenicher SchachServer"]
[Date "2013.01.16"]
[Round "?"]
[White "Ventura, Bob"]
[Black "Kramskoi, Vasyl"]
[Result "0-1"]
[WhiteElo "737"]
[BlackElo "910"]
[PlyCount "112"]
[EventDate "2013.01.04"]

1. e4 e5 2. Nf3 Nc6 3. c3 d5 4. exd5 Qxd5 5. c4 Qd8 6. d3 Bg4 7. Be2 h6 8. O-O
Nf6 9. h3 Bxf3 10. Bxf3 Qd7 11. Nc3 a6 12. Re1 Bb4 13. Bd2 O-O 14. Qb3 Bxc3 15.
Bxc3 Nd4 16. Bxd4 Qxd4 17. Rac1 Nd7 18. Qc3 Qf4 19. Re4 Qf6 20. Rce1 Rfe8 21.
Qd2 Qd6 22. b3 f6 23. Qc3 Re7 24. Rh4 c6 25. Qd2 Rae8 26. Bh5 Rd8 27. Bg6 Nf8
28. Bf5 Qc5 29. Re3 Rd4 30. Ree4 Rxe4 31. Bxe4 b5 32. Qa5 Ra7 33. Qd8 Qe7 34.
Qb6 Qc7 35. Qxc6 Qxc6 36. Bxc6 bxc4 37. Rxc4 Ng6 38. Bd5+ Kf8 39. a4 Nf4 40.
Rc8+ Ke7 41. Be4 Rd7 42. Bf5 Rb7 43. g3 Ne2+ 44. Kf1 Nd4 45. Be4 Rxb3 46. Rc7+
Kd6 47. Rxg7 Ra3 48. Rg6 Ke6 49. Rxh6 Rxa4 50. Rh7 Ra3 51. g4 Ra1+ 52. Kg2 a5
53. Rb7 Ne2 54. Kf3 Nf4 55. h4 Rh1 56. h5 Rh3# 0-1

[Event "FICS unrated standard game"]
[Site "FICS freechess.org"]
[Date "2013.01.15"]
[Round "?"]
[White "PeteVine"]
[Black "zerowin"]
[Result "0-1"]
[WhiteElo "2067"]
[BlackElo "2466"]
[PlyCount "50"]
[EventDate "2013.??.??"]
[SourceTitle "OM Portal C 201906"]
[Source "Opening Master"]
[SourceDate "2019.06.27"]
[SourceVersion "1"]
[SourceVersionDate "2019.06.27"]
[SourceQuality "1"]

1. e4 e5 2. Nf3 Nc6 3. c3 Nf6 4. d4 Nxe4 5. d5 Ne7 6. Nxe5 Ng6 7. Nxg6 hxg6 8.
Bd3 Nf6 9. O-O Nxd5 10. Re1+ Be7 11. Bxg6 Nf6 12. Bd3 d5 13. Nd2 Kf8 14. Nf3
Bd6 15. h3 c5 16. Bg5 Qb6 17. c4 d4 18. Qc2 Bd7 19. Re2 Rh5 20. Rae1 Bc6 21.
Bxf6 Bxf3 22. Be7+ Bxe7 23. Rxe7 Qh6 24. Bf5 Qg5 25. g4 Rxh3 0-1

[Event "CP-2011-Q-00004"]
[Site "Lechenicher SchachServer"]
[Date "2013.01.14"]
[Round "?"]
[White "Nichols, Scott"]
[Black "Kuhne, Detlev"]
[Result "1/2-1/2"]
[WhiteElo "2253"]
[BlackElo "2261"]
[PlyCount "49"]
[EventDate "2013.01.20"]
[EventType "tourn"]
[EventRounds "6"]
[SourceTitle "OM Corr 202003"]
[Source "Opening Master"]
[SourceDate "2019.05.30"]
[SourceVersion "2"]
[SourceVersionDate "2019.05.30"]
[SourceQuality "1"]

1. e4 e5 2. Nf3 Nc6 3. c3 d5 4. Qa4 f6 5. d3 Be6 6. exd5 Qxd5 7. Be2 Qa5 8.
Qxa5 Nxa5 9. O-O Nc6 10. Nbd2 Nge7 11. Re1 a5 12. Ne4 O-O-O 13. a3 Bb3 14. Nc5
Bg8 15. b4 Nd5 16. Bd2 Bxc5 17. bxc5 Nde7 18. h3 Be6 19. d4 exd4 20. Bd1 dxc3
21. Bxc3 Bf7 22. Bxa5 Nxa5 23. Rxe7 Rd7 24. Rxd7 Kxd7 25. Bc2 1/2-1/2

[Event "CP-2011-Q-00004"]
[Site "Lechenicher SchachServer"]
[Date "2013.01.14"]
[Round "?"]
[White "Nichols, Scott"]
[Black "Pedro, Fernando"]
[Result "1/2-1/2"]
[WhiteElo "2253"]
[BlackElo "2106"]
[PlyCount "52"]
[EventDate "2013.01.20"]
[EventType "tourn"]
[EventRounds "6"]
[SourceTitle "OM Corr 202003"]
[Source "Opening Master"]
[SourceDate "2019.05.30"]
[SourceVersion "2"]
[SourceVersionDate "2019.05.30"]
[SourceQuality "1"]

1. e4 e5 2. Nf3 Nc6 3. c3 d5 4. Qa4 f6 5. d3 Be6 6. Be2 Nge7 7. O-O a6 8. Rd1
Qd7 9. d4 exd4 10. Nxd4 O-O-O 11. Nxc6 Qxc6 12. Qd4 Qd6 13. Qa7 c5 14. exd5
Bxd5 15. Be3 Nc6 16. Qb6 Qe6 17. b4 Bd6 18. bxc5 Bc7 19. Qb2 Ne7 20. Nd2 Nf5
21. Bg4 h5 22. Bxf5 Qxf5 23. Qb1 Qxb1 24. Rdxb1 Bf7 25. Bd4 h4 26. h3 Rhe8
1/2-1/2

[Event "CP-2011-Q-00010"]
[Site "Lechenicher SchachServer"]
[Date "2013.01.14"]
[Round "?"]
[White "Zolendowski, Cesary"]
[Black "Nowak, Ireneusz"]
[Result "1/2-1/2"]
[WhiteElo "2218"]
[BlackElo "2089"]
[PlyCount "72"]
[EventDate "2013.01.20"]
[EventType "tourn"]
[EventRounds "8"]

1. e4 e5 2. Nf3 Nc6 3. c3 Nf6 4. d4 Nxe4 5. d5 Nb8 6. Bd3 Nc5 7. Nxe5 Nxd3+ 8.
Nxd3 Be7 9. O-O d6 10. Re1 O-O 11. Qf3 Nd7 12. Nd2 Re8 13. b3 a5 14. a4 Bg5 15.
Rxe8+ Qxe8 16. Nf1 f6 17. Bxg5 fxg5 18. c4 Qg6 19. Re1 Nf6 20. Ng3 Bd7 21. Qd1
h5 22. Ne2 Re8 23. Nc3 h4 24. Qd2 g4 25. Rxe8+ Bxe8 26. Nf4 Qf5 27. Ne6 Bd7 28.
Nd4 Qh7 29. g3 h3 30. Qe2 Qh6 31. Qe3 Qg6 32. Kf1 c5 33. dxc6 bxc6 34. Ke1 Qf7
35. Qf4 Qe7+ 36. Kd2 Qf8 {Draw agreed} 1/2-1/2

[Event "Astrakhan Ritminform Cup-B"]
[Site "Astrakhan"]
[Date "2013.01.13"]
[Round "9"]
[White "Arslanov, Shamil M"]
[Black "Belova, Svetlana"]
[Result "1/2-1/2"]
[WhiteElo "1686"]
[BlackElo "1580"]
[PlyCount "34"]
[EventDate "2013.01.04"]
[EventType "swiss"]
[EventRounds "9"]
[EventCountry "RUS"]
[SourceTitle "EXT 2014"]
[Source "ChessBase"]
[SourceDate "2013.11.20"]
[SourceVersion "1"]
[SourceVersionDate "2013.11.20"]
[SourceQuality "1"]

1. e4 e5 2. Nf3 Nc6 3. c3 d5 4. Bd3 Bg4 5. h3 Bh5 6. Bc2 Nf6 7. d3 dxe4 8. dxe4
Qxd1+ 9. Kxd1 O-O-O+ 10. Ke2 h6 11. Be3 g5 12. g4 Bg6 13. Nbd2 Nd7 14. Rae1 a6
15. Kd1 f6 16. Kc1 Bc5 17. Nb3 Bxe3+ 1/2-1/2

[Event "corr freechess"]
[Site "freechess.de"]
[Date "2013.01.11"]
[Round "?"]
[White "Bortz, Thomas"]
[Black "Flaccus, Daniel"]
[Result "0-1"]
[WhiteElo "1342"]
[BlackElo "1476"]
[PlyCount "108"]
[EventDate "2013.??.??"]
[EventType "tourn (corr)"]
[SourceTitle "OM Corr 202003"]
[Source "Opening Master"]
[SourceDate "2019.05.30"]
[SourceVersion "2"]
[SourceVersionDate "2019.05.30"]
[SourceQuality "1"]

1. e4 e5 2. Nf3 Nc6 3. c3 d6 4. d4 exd4 5. cxd4 h6 6. d5 Ne5 7. Nxe5 dxe5 8.
Bc4 Nf6 9. Nd2 Bb4 10. a3 Bxd2+ 11. Bxd2 O-O 12. f3 a6 13. Bb4 Re8 14. d6 cxd6
15. Qb3 Be6 16. Rd1 Bxc4 17. Qxc4 Re6 18. O-O Rc8 19. Qb3 Qb6+ 20. Kh1 a5 21.
Qd3 axb4 22. axb4 Qxb4 23. Rb1 Re7 24. h3 Rec7 25. Kh2 Rc2 26. Qa3 Qd2 27. Rg1
Ne8 28. b4 Ra2 29. Qb3 Rc3 30. Qd1 Qxd1 31. Rbxd1 Rb2 32. Rb1 Rcb3 33. Rbc1
Rxb4 34. Rc8 Kf8 35. Rd1 Rb6 36. Rb8 Ke7 37. Kg3 Rc2 38. Ra1 Ra6 39. Rb1 Rc7
40. R1xb7 Rxb7 41. Rxb7+ Ke6 42. Rb8 Nf6 43. Rb5 Ra7 44. f4 Nxe4+ 45. Kf3 Nd2+
46. Kg4 Ra4 47. g3 g6 48. h4 f5+ 49. Kh3 exf4 50. gxf4 Rxf4 51. Rb2 Rd4 52. Kg3
Rd3+ 53. Kf2 Ne4+ 54. Ke2 Rh3 0-1

[Event "omer786's mini-tournament I[fast tourna"]
[Site "http://gameknot.com/chess.pl?"]
[Date "2013.01.11"]
[Round "?"]
[White "oregonchessguy"]
[Black "sisyfos"]
[Result "1/2-1/2"]
[WhiteElo "2094"]
[BlackElo "2217"]
[PlyCount "99"]
[EventDate "2013.??.??"]
[SourceTitle "OM Portal C 201906"]
[Source "Opening Master"]
[SourceDate "2019.06.27"]
[SourceVersion "1"]
[SourceVersionDate "2019.06.27"]
[SourceQuality "1"]

1. e4 e5 2. Nf3 Nc6 3. c3 Nf6 4. d4 Nxe4 5. d5 Ne7 6. Nxe5 Ng6 7. Qd4 Nf6 8.
Nc4 Qe7+ 9. Be3 c6 10. dxc6 dxc6 11. Nbd2 Be6 12. O-O-O c5 13. Qd3 b5 14. Na3
c4 15. Qe2 Qb7 16. Nc2 Be7 17. Nd4 Bd5 18. Nf5 O-O 19. Nxe7+ Qxe7 20. Bg5 Ne5
21. Nf3 Bxf3 22. gxf3 Rad8 23. f4 Nd3+ 24. Kb1 Qxe2 25. Bxe2 Nxf2 26. Rxd8 Rxd8
27. Bxf6 gxf6 28. Rf1 Ne4 29. Rd1 Rxd1+ 30. Bxd1 Nc5 31. Bc2 Ne6 32. a4 bxa4
33. Bxa4 Nxf4 34. Bb5 f5 35. Bxc4 Kg7 36. b4 Kf6 37. Kc2 Ne6 38. Bd3 Ke5 39. c4
h5 40. c5 h4 41. Bc4 Nd4+ 42. Kd3 Nf3 43. b5 Nxh2 44. b6 axb6 45. cxb6 Kd6 46.
Ke3 Kc6 47. Kf4 Ng4 48. Bxf7 h3 49. Bd5+ Kxb6 50. Bh1 1/2-1/2

[Event "NZL-ch 120th"]
[Site "Wellington"]
[Date "2013.01.10"]
[Round "11"]
[White "Nijman, Brian"]
[Black "Milligan, Helen"]
[Result "1-0"]
[WhiteElo "2113"]
[BlackElo "2013"]
[PlyCount "149"]
[EventDate "2012.12.31"]
[EventType "swiss"]
[EventRounds "11"]
[EventCountry "NZL"]
[SourceTitle "CBM 152 Extra"]
[Source "ChessBase"]
[SourceDate "2013.02.25"]
[SourceVersion "1"]
[SourceVersionDate "2013.02.25"]
[SourceQuality "1"]

1. e4 e5 2. Nf3 Nc6 3. c3 Nf6 4. d4 Nxe4 5. d5 Nb8 6. Qe2 Nf6 7. Nxe5 Be7 8. d6
cxd6 9. Nc4 O-O 10. Qc2 d5 11. Ne3 Nc6 12. Bd3 d4 13. Nf5 Ne5 14. O-O Nxd3 15.
Qxd3 d5 16. Nxe7+ Qxe7 17. Bg5 Qe4 18. Qd2 Qf5 19. Bxf6 Qxf6 20. cxd4 Be6 21.
Nc3 Rac8 22. Rac1 h6 23. Ne2 Rxc1 24. Rxc1 Rc8 25. Rc3 Qg6 26. h3 Qb1+ 27. Nc1
Rc6 28. Rxc6 bxc6 29. Kh2 Bf5 30. a3 Bc2 31. b4 Ba4 32. Ne2 Bb5 33. Ng3 Qg6 34.
Qf4 a6 35. Qb8+ Kh7 36. Qe5 Bd3 37. Qe3 Bc2 38. Ne2 Qd6+ 39. g3 Qf6 40. h4 Be4
41. Qf4 Qe6 42. Nc3 Bd3 43. Qe3 Qf5 44. g4 Qg6 45. h5 Qd6+ 46. Qg3 Qxg3+ 47.
Kxg3 Kg8 48. f4 f6 49. Kf3 Kf7 50. Ke3 Bf1 51. Na4 Ke7 52. Nc5 f5 53. gxf5 Kf6
54. Ne6 Bh3 55. Nd8 Bxf5 56. Nxc6 Bd7 57. Nb8 Bc8 58. a4 g6 59. hxg6 Kxg6 60.
b5 axb5 61. axb5 h5 62. Nc6 Bb7 63. Nd8 Bc8 64. b6 Kf5 65. b7 Bxb7 66. Nxb7 h4
67. Kf3 h3 68. Nd6+ Ke6 69. Nb5 Kf5 70. Kg3 h2 71. Kxh2 Kxf4 72. Kh3 Kf3 73.
Kh4 Kf4 74. Kh5 Kf5 75. Kh6 1-0

[Event "Australian op"]
[Site "Cammeray"]
[Date "2013.01.06"]
[Round "6"]
[White "Visser, Johan"]
[Black "Rout, Ian Clive"]
[Result "0-1"]
[WhiteElo "1773"]
[BlackElo "1975"]
[PlyCount "80"]
[EventDate "2013.01.02"]
[EventType "swiss"]
[EventRounds "11"]
[EventCountry "AUS"]
[SourceTitle "CBM 152 Extra"]
[Source "ChessBase"]
[SourceDate "2013.02.25"]
[SourceVersion "1"]
[SourceVersionDate "2013.02.25"]
[SourceQuality "1"]

1. e4 e5 2. Nf3 Nc6 3. c3 Nf6 4. d4 Nxe4 5. d5 Ne7 6. Nxe5 Ng6 7. Bd3 Nxf2 8.
Bxg6 Bc5 9. Bxf7+ Kf8 10. Qh5 Qe7 11. Be6 dxe6 12. Ng6+ hxg6 13. Qxh8+ Kf7 14.
O-O Qf6 15. Be3 Bxe3 16. Nd2 Bxd2 17. Rxf2 Be3 18. Raf1 exd5 19. Qd8 c6 20. a4
b6 21. b4 Ba6 22. Qd7+ Kg8 23. b5 Rf8 24. bxa6 Bxf2+ 25. Kh1 Qf7 26. Qxc6 Re8
27. Qb7 Qxb7 28. axb7 Bc5 29. a5 bxa5 30. g3 Rb8 31. Rb1 Bb6 32. Rb5 Rxb7 33.
Rxd5 Rc7 34. Rd3 a4 35. Kg2 Rf7 36. Kh3 a3 37. Rd2 Rf2 38. Rd1 a2 39. Kg4 Ba5
40. Kg5 Bxc3 0-1

[Event "Astrakhan Ritminform Cup-B"]
[Site "Astrakhan"]
[Date "2013.01.05"]
[Round "2"]
[White "Arslanov, Shamil M"]
[Black "Belorechensky, Boris V"]
[Result "1-0"]
[WhiteElo "1686"]
[BlackElo "1585"]
[PlyCount "113"]
[EventDate "2013.01.04"]
[EventType "swiss"]
[EventRounds "9"]
[EventCountry "RUS"]
[SourceTitle "EXT 2014"]
[Source "ChessBase"]
[SourceDate "2013.11.20"]
[SourceVersion "1"]
[SourceVersionDate "2013.11.20"]
[SourceQuality "1"]

1. e4 e5 2. Nf3 Nc6 3. c3 d6 4. d3 Nf6 5. h3 Be7 6. Be3 O-O 7. Nbd2 Bd7 8. Be2
h6 9. Rc1 a5 10. b3 Na7 11. d4 Nc6 12. d5 Na7 13. Qc2 c5 14. c4 b5 15. Nf1 b4
16. Ng3 Re8 17. Nd2 Nc8 18. O-O a4 19. f4 axb3 20. axb3 Ra3 21. fxe5 dxe5 22.
Rb1 Qa5 23. Bd1 Nd6 24. Nf5 Bf8 25. Nxd6 Bxd6 26. Bxh6 Ra2 27. Rb2 Ra8 28. Be3
Rxb2 29. Qxb2 Qa2 30. Qc2 Qa1 31. Bf3 Qc3 32. Qxc3 bxc3 33. Nb1 c2 34. Nd2 Ra2
35. Rc1 Rb2 36. Kf2 Bc8 37. Ke2 Nd7 38. Kd3 Ra2 39. Rxc2 Ra3 40. Rb2 Nb6 41.
Nb1 Ra6 42. Kc2 Bd7 43. Nc3 f5 44. Ra2 Rxa2+ 45. Nxa2 fxe4 46. Bxe4 Kf7 47. Nc3
Kf6 48. Ne2 Bf5 49. Bxf5 Kxf5 50. Ng3+ Kg6 51. Ne4 Be7 52. Bxc5 Bxc5 53. Nxc5
Kf6 54. Kd3 Ke7 55. Ke4 Nd7 56. b4 Nb8 57. Kxe5 1-0

[Event "80. LSS No Engine Cup Preliminary 2"]
[Site "Lechenicher SchachServer"]
[Date "2013.01.05"]
[Round "?"]
[White "Pavlícek, Miroslav"]
[Black "Lonyuk, Bohdan"]
[Result "0-1"]
[WhiteElo "1900"]
[BlackElo "1098"]
[PlyCount "48"]
[EventDate "2013.01.06"]

1. e4 e5 2. Nf3 Nc6 3. c3 d5 4. Qa4 Bd7 5. exd5 Nd4 6. Qd1 Nxf3+ 7. Qxf3 Nf6 8.
Bc4 e4 9. Qe3 Bd6 10. d3 O-O 11. dxe4 Nxe4 12. O-O Re8 13. Qf3 Qh4 14. g3 Nxg3
15. fxg3 Qxc4 16. Qxf7+ Kh8 17. Nd2 Qc5+ 18. Kh1 Rf8 19. Qh5 Rae8 20. Rxf8+
Rxf8 21. Nf3 g6 22. Qh4 Rxf3 23. Qd8+ Rf8 24. Qxd7 Qxd5+ 0-1

[Event "OP-2012-0-02572"]
[Site "Lechenicher SchachServer"]
[Date "2013.01.04"]
[Round "?"]
[White "Tolnai, Rudolf"]
[Black "Zmolil, Karel"]
[Result "0-1"]
[WhiteElo "964"]
[BlackElo "1287"]
[PlyCount "60"]
[EventDate "2012.12.30"]

1. e4 e5 2. Nf3 Nc6 3. c3 d5 4. exd5 Qxd5 5. b3 e4 6. c4 Qh5 7. Qe2 f5 8. a3
Be7 9. Ng1 Qxe2+ 10. Nxe2 Bf6 11. Nbc3 Bd7 12. Bb2 O-O-O 13. O-O-O Nh6 14. h3
Be6 15. Nf4 Bf7 16. Nfd5 Bd4 17. f3 exf3 18. gxf3 Rhe8 19. f4 Bh5 20. Bg2 Bxd1
21. Kxd1 Re6 22. Na4 Bxb2 23. Nxb2 Nd4 24. b4 c6 25. Nc3 Nb3 26. Nb1 Red6 27.
d3 Nd4 28. Re1 Re6 29. Nc3 Rde8 30. Rg1 Ne2 0-1

[Event "SF-2012-0-00183"]
[Site "Lechenicher SchachServer"]
[Date "2013.01.03"]
[Round "?"]
[White "Kratky, Josef"]
[Black "Zwaneveld, Ansel"]
[Result "0-1"]
[WhiteElo "1117"]
[BlackElo "1111"]
[PlyCount "59"]
[EventDate "2012.11.19"]

1. e4 e5 2. Nf3 Nc6 3. c3 Nf6 4. d4 exd4 5. e5 dxc3 6. exf6 cxb2 7. Bxb2 Bb4+
8. Nbd2 gxf6 9. Qe2+ Qe7 10. Bxf6 Qxe2+ 11. Bxe2 Rg8 12. g3 Rg6 13. Bb2 d6 14.
a3 Ba5 15. O-O Bg4 16. h3 Bxh3 17. Rfd1 O-O-O 18. Nc4 h5 19. Nxa5 Nxa5 20. Kh2
Bg4 21. Rd4 Nb3 22. Rb4 Nxa1 23. Bxa1 Re6 24. Bd1 c5 25. Rb3 d5 26. Rd3 d4 27.
Ng5 Re1 28. Bxg4+ hxg4 29. Bb2 Rh8+ 30. Kg2 0-1

[Event "FICS rated standard game"]
[Site "FICS freechess.org"]
[Date "2013.01.01"]
[Round "?"]
[White "ojha"]
[Black "BENKEL"]
[Result "1-0"]
[WhiteElo "2017"]
[BlackElo "2013"]
[PlyCount "29"]
[EventDate "2013.??.??"]
[SourceTitle "OM Portal C 201906"]
[Source "Opening Master"]
[SourceDate "2019.06.27"]
[SourceVersion "1"]
[SourceVersionDate "2019.06.27"]
[SourceQuality "1"]

1. e4 e5 2. Nf3 Nc6 3. c3 Nf6 4. d4 exd4 5. e5 dxc3 6. exf6 cxb2 7. Bxb2 gxf6
8. Be2 Bb4+ 9. Nbd2 d5 10. O-O Be6 11. Ng5 O-O 12. Nxe6 fxe6 13. Bh5 e5 14. Rc1
Ne7 15. Qg4+ 1-0

[Event "POL-ch U18"]
[Site "Szczyrk"]
[Date "2013.??.??"]
[Round "9"]
[White "Eggink, Mateusz"]
[Black "Borawski, Jakub"]
[Result "1/2-1/2"]
[WhiteElo "2035"]
[BlackElo "1946"]
[PlyCount "134"]
[EventDate "2013.03.17"]
[EventType "swiss"]
[EventRounds "9"]
[EventCountry "POL"]
[SourceTitle "CBM 153 Extra"]
[Source "ChessBase"]
[SourceDate "2013.04.22"]
[SourceVersion "1"]
[SourceVersionDate "2013.04.22"]
[SourceQuality "1"]

1. e4 e5 2. Nf3 Nc6 3. c3 d5 4. Qa4 Bd7 5. exd5 Nd4 6. Qd1 Nxf3+ 7. Qxf3 Nf6 8.
c4 e4 9. Qe3 c6 10. dxc6 Bxc6 11. Be2 Be7 12. O-O O-O 13. d4 exd3 14. Qxd3 Qc7
15. Nc3 Rad8 16. Qh3 Rfe8 17. Be3 Bd7 18. Qg3 Bd6 19. Qh4 a6 20. Rfd1 Bf5 21.
Bf3 Be5 22. h3 h6 23. c5 Be6 24. Qb4 Bxc3 25. Qxc3 Nd5 26. Qb3 Nxe3 27. Qxe3
Bd5 28. Qc3 Bxf3 29. Qxf3 Rxd1+ 30. Rxd1 Qxc5 31. Qxb7 Re2 32. Rf1 Qb5 33. Qxb5
axb5 34. Rb1 b4 35. g3 f5 36. Kg2 Kf7 37. Kf3 Rc2 38. Ke3 g5 39. Kf3 Kf6 40.
Ke3 h5 41. Kf3 Rd2 42. Ke3 Rc2 43. a3 bxa3 44. bxa3 Rc3+ 45. Kd4 Rxa3 46. Rb6+
Kg7 47. Rb7+ Kg6 48. Rb6+ Kg7 49. Ke5 Rf3 50. Rb7+ Kg6 51. Rb6+ Kg7 52. Rb2 h4
53. gxh4 gxh4 54. Rb4 Rxh3 55. f4 Re3+ 56. Kxf5 h3 57. Rb7+ Kg8 58. Rb2 Kf7 59.
Rb7+ Kg8 60. Rb6 h2 61. Rh6 Re2 62. Kf6 Ra2 63. Rh3 Ra6+ 64. Kg5 Ra2 65. f5 Kg7
66. f6+ Kf7 67. Rh7+ Kg8 1/2-1/2

[Event "POL-ch U16 Girls"]
[Site "Szczyrk"]
[Date "2013.??.??"]
[Round "6"]
[White "Binkowska, Agata"]
[Black "Szablicka, Magda"]
[Result "1/2-1/2"]
[WhiteElo "1637"]
[BlackElo "1451"]
[PlyCount "112"]
[EventDate "2013.03.17"]
[EventType "swiss"]
[EventRounds "9"]
[EventCountry "POL"]
[SourceTitle "CBM 153 Extra"]
[Source "ChessBase"]
[SourceDate "2013.04.22"]
[SourceVersion "1"]
[SourceVersionDate "2013.04.22"]
[SourceQuality "1"]

1. e4 e5 2. Nf3 Nc6 3. c3 Nf6 4. d4 Nxe4 5. d5 Ne7 6. Nxe5 Ng6 7. Qd4 Nxe5 8.
Qxe4 Qe7 9. Bf4 d6 10. Nd2 Ng6 11. Bb5+ Bd7 12. Bxd7+ Kxd7 13. Be3 Qxe4 14.
Nxe4 Re8 15. Ng5 Be7 16. Nh3 Bf6 17. O-O-O h6 18. Rhe1 Re7 19. Ng1 Rhe8 20. Nf3
a6 21. Kd2 Ne5 22. Nxe5+ Rxe5 23. Kc2 Bg5 24. Rd3 Bxe3 25. Rdxe3 Rxe3 26. fxe3
Re5 27. c4 f5 28. Kd3 c6 29. dxc6+ Kxc6 30. Rf1 g6 31. Rf3 Kc5 32. Rh3 h5 33.
a3 a5 34. Rh4 b6 35. Rd4 a4 36. h3 Kc6 37. Rh4 Kc5 38. Rd4 Kc6 39. c5 dxc5 40.
Rxa4 Rd5+ 41. Ke2 Kb5 42. b3 Rd6 43. g4 hxg4 44. hxg4 Re6 45. gxf5 gxf5 46. Rf4
Re5 47. Kd3 Rd5+ 48. Kc3 Re5 49. Rf3 Kc6 50. a4 Kd5 51. Kd3 Kc6 52. Rh3 Re6 53.
Rh8 Rd6+ 54. Ke2 Rd5 55. Rf8 Kc7 56. Rf7+ Kc6 1/2-1/2

[Event "Da Lat VIE, Ch U07 (b)"]
[Site "Da Lat VIE"]
[Date "2013.??.??"]
[Round "5.23"]
[White "Le, Khac Hoang Tuan"]
[Black "Hoang, Nguyen"]
[Result "1-0"]
[WhiteElo "1984"]
[BlackElo "1991"]
[PlyCount "49"]
[EventDate "2013.07.13"]
[EventRounds "9"]
[EventCountry "VIE"]
[SourceTitle "OM OTB B 201907"]
[Source "Opening Master"]
[SourceDate "2019.07.06"]
[SourceVersion "2"]
[SourceVersionDate "2019.07.06"]
[SourceQuality "1"]

1. e4 e5 2. Nf3 Nc6 3. c3 Nf6 4. d4 exd4 5. e5 Ng4 6. cxd4 Be7 7. Bb5 Bh4 8. g3
Be7 9. O-O O-O 10. Nc3 Bb4 11. Bd2 b6 12. Bg5 Qe8 13. Bxc6 dxc6 14. Bd2 Bxc3
15. Bxc3 Bb7 16. Bb4 c5 17. dxc5 Rd8 18. Qe2 Qd7 19. cxb6 axb6 20. Bxf8 Rxf8
21. Rfd1 Qf5 22. Nh4 Qf6 23. exf6 Nxf6 24. Qd2 Be4 25. Qd8 1-0